| 000 | 00533nam a2200193 a 4500 | ||
|---|---|---|---|
| 001 | 1759489958438 | ||
| 003 | ACL | ||
| 005 | 20251003164428.0 | ||
| 008 | 251003s2006##################000#0#eng## | ||
| 020 | _a9780819462565 | ||
| 082 | 0 | 4 |
_a621.36780951 _bTOW |
| 100 | 1 |
_aTong, Qingxi, _eauthor. |
|
| 245 | 1 | 0 | _aRemote Sensing of the Environment : |
| 260 |
_bSPIE-International Society for Optical Engineering, _c2006. |
||
| 300 | _a296 pages | ||
| 650 | 0 | _aTechnology & Engineering. | |
| 942 | _cENGLISH | ||
| 040 |
_aACL _beng _cACL |
||
| 999 |
_c590579 _d590579 |
||